Mishcat-Ul-Masabih Or a Collection of the Most Authentic Traditions (Record no. 1633)

MARC details
000 -LEADER
fixed length control field 00788nam a2200253 a 4500
020 ## - INTERNATIONAL STANDARD BOOK NUMBER
ISBN
082 00 - DEWEY DECIMAL CLASSIFICATION NUMBER
Classification number 297.12405
Author Cutter MAT
100 ## - MAIN ENTRY--AUTHOR NAME
Author name Matthews, A H
245 ## - TITLE STATEMENT
Title Mishcat-Ul-Masabih Or a Collection of the Most Authentic Traditions
260 ## - PUBLICATION, DISTRIBUTION, ETC. (IMPRINT)
Place of publication Calcutta
Name of publisher T.Hubbard
Year of publication 1809
500 ## - GENERAL NOTE
General note includes index and biblioraphy
505 2# - FORMATTED CONTENTS NOTE
Formatted contents note Index
505 2# - FORMATTED CONTENTS NOTE
Formatted contents note Index00
650 ## - SUBJECT ADDED ENTRY--TOPICAL TERM
Topical Term Islam-Hadith
650 ## - SUBJECT ADDED ENTRY--TOPICAL TERM
Topical Term Hadith
942 ## - ADDED ENTRY ELEMENTS (KOHA)
Koha item type Books
700 1# -
-- Matthews, A H
Holdings
Home library Current library Date acquired Cost, normal purchase price Full call number Accession Number Koha item type
Henry Martyn Institute Library Henry Martyn Institute Library   100.00 297.12405 MAT 00694 E-Books
Henry Martyn Institute Library Henry Martyn Institute Library   100.00 297.12405 MAT 01994 E-Books
                   Copyright © 2026 | Henry Martyn Institute | Hyderabad | TS-500052 | INDIA | Implemented by hmi.edu.in
Hit-Count:

Powered by Koha